Score 0/47 Timer 05:00
1 Play Today
Clue Word % Correct
What you do at the mallshop
96.9%
Another word for boatship
95.1%
Star of Transformers movies, ____ LeBouf Shia
91.8%
'We Didn't Start the ____'Fire
91.6%
'It's Still Rock and ____'Roll
91.4%
The Incredible ____Hulk
89.8%
Green citrus fruitlime
89.6%
The ____ RangerLone
89.4%
12 inchesfoot
88.9%
'New York State of ____'Mind
88.7%
Luxurious fabricsilk
88.5%
Quickest way from point A to point Bline
88.1%
'____ the Way You Are'Just
88%
An actor's partrole
88%
____ vault, track and field eventpole
87.1%
Wheel on a cartire
86.5%
Fungus that grows on breadmold
85.6%
To take a surveypoll
85.5%
Poutsulk
85%
'The Longest ____'Time
84.7%
A sum imposed as punishmentfine
82.1%
'Big ____'Shot
81.7%
Stadium where the NY Mets played before Citi FieldShea
81.3%
The outside of an ear of cornhusk
80.7%
Clue Word % Correct
Fine spraymist
80.6%
'____ Got a Way'She's
80.5%
____ julepmint
80.5%
____ball, a type of table soccerfoos
80.3%
A deposit of sedimentsilt
79.4%
Ashes in the fireplacesoot
78%
Has been boughtsold
77.6%
Enemiesfoes
76.8%
'Make You Feel My ____'Love
75.3%
'And So It ____'Goes
75%
Often seen on old, junk carsrust
74.7%
To encounterfind
74.4%
Dover ____, a type of fishsole
74%
Pulp and skins of crushed grapesmust
72.4%
'My ___'Life
70.6%
A ____ pointmoot
69.7%
To move aimlesslyrove
69.1%
Heavy metal band, Quiet ____Riot
66.5%
State of mindmood
65.8%
To put through a sievesift
64.4%
A dry, bland cookierusk
64%
'____ Beer Rag'Root
61.5%
Place where the Earth's crust is being pulled apartrift
58.2%

Today's Daily Dose

Missing Word
Lizzo Songs

Get the Picture
The Longest Rivers

Remove Ads.
Support Sporcle.
Get the best of Sporcle when you Go Orange. This ad-free experience offers more features, more stats, and more fun while also helping to support Sporcle. Thank you for becoming a member.

You're not logged in!

Compare scores with friends on all Sporcle quizzes.
OR
Log In

Show Comments

Extras

Top Quizzes Today


Score Distribution

Your Account Isn't Verified!

In order to create a playlist on Sporcle, you need to verify the email address you used during registration. Go to your Sporcle Settings to finish the process.

Report this User

Report this user for behavior that violates our Community Guidelines.

Details: